|
|
|
|
| LEADER |
00000nam a22000007a 4500 |
| 005 |
20140819122625.0 |
| 007 |
cr|||| |||| |
| 008 |
140819s2014 es |||||s|||| 00||0 spa d |
| 035 |
|
|
|a 6716
|
| 040 |
|
|
|a vLex
|
| 090 |
|
|
|c 5117
|d 5117
|
| 100 |
1 |
|
|a Barrientos Pacho, Jesus M®
|
| 245 |
1 |
0 |
|a Prc̀tico Procesal Penal
|h [Recurso electrn̤ico] /
|c Jesus M® Barrientos Pacho, Javier Melero, Judit Geň
|
| 256 |
|
|
|a Servicio en ln̕ea
|
| 260 |
|
|
|a Barcelona:
|b vLex,
|c 2014
|
| 300 |
|
|
|a 1 recurso electrn̤ico
|
| 500 |
|
|
|a Los principales aspectos del procedimiento penal. Gua̕ prc̀tica complementada con la mejor seleccin̤ de recursos legales para contextualizar y ampliar el marco de los temas. Incluye esquemas procesales con presentacin̤ visual de las distintas fases del procedimiento y enlaces a los documentos claves de cada etapa.
|
| 506 |
1 |
|
|a Disponible solo en los productos indicados
|d vLex Global
|d vLex Global (Academic Edition, excluding Law Schools)
|d vLex Global (U.S. Academic Edition, Law Schools)
|d vLex Global (U.S. Academic Edition, excluding Law Schools)
|d vLex Global (Academic Edition, Law Schools)
|
| 650 |
0 |
4 |
|a Procedimiento Penal
|z Espaą
|
| 700 |
1 |
|
|a Melero, Javier
|
| 700 |
1 |
|
|a Gen,̌ Judit
|
| 740 |
0 |
|
|a vLex Libros (Servicio en ln̕ea)
|
| 856 |
4 |
0 |
|u http://app.vlex.com/#ES.procesal_penal/browse
|z Acceso restringido
|
| 942 |
|
|
|c BOOK
|
| 999 |
0 |
|
|a Criminal Procedure
|